Multiple indicators : an introduction

Αποθηκεύτηκε σε:
Λεπτομέρειες βιβλιογραφικής εγγραφής
Κύριος συγγραφέας: Sullivan, John Lawrence 1945-
Άλλοι συγγραφείς: Feldman, Stanley
Μορφή: Βιβλίο
Γλώσσα:English
Δημοσίευση: Newbury Park : Sage Publications, c1979
Σειρά:Sage university papers series. Quantitative applications in the social sciences ; ; 15
Θέματα:
Ετικέτες: Προσθήκη ετικέτας
Δεν υπάρχουν, Καταχωρήστε ετικέτα πρώτοι!

MARC

LEADER 00000nam a2200000 i 4500
001 1/18791
008 981022s1979 eng d
020 |a 0-8039-1369-9 
035 |l 10021036 
040 |a GR-MY-UA  |b gre  |e aacr 
041 0 |a eng 
082 0 |a 300.151 
100 1 |a Sullivan, John Lawrence  |d 1945- 
245 1 0 |a Multiple indicators :  |b an introduction /  |c John L. Sallivan, Stanley Feldman 
260 |a Newbury Park :   |b Sage Publications,   |c c1979 
300 |a 87 p. 
490 1 |a Sage university papers series. Quantitative applications in the social sciences  |v ; 15 
504 |a Bibliography: 84-86 
650 0 0 |a Social sciences  |x Mathematical models. 
650 0 0 |a Social sciences  |x Statistical methods. 
700 1 |a Feldman, Stanley. 
830 0 |a Sage university papers series. Quantitative applications in the social sciences ;  |v ; 15 
852 |a INST  |b LESVOS  |e 19981022  |h 300.151 SUL  |p 005100018482  |q 005100018482  |t BK  |y 0 
901 |a BIBL-1999-1 
909 |a Λ  |b 059474 
922 |a 1ΕΛΗ  |b 199809  |c ΚΠΣ/ΤΓ  |d ΠΑΠΑΣΩΤΗΡΙΟΥ 
950 |a 118-1998-07-23